[Event "Dortmund Sparkassen op-B"]
[Site "Dortmund"]
[Date "2008.07.01"]
[Round "3"]
[White "Ziemek, Gerhard"]
[Black "Holtel, Frederik"]
[Result "1-0"]
[WhiteElo "1753"]
[BlackElo "1243"]
[PlyCount "73"]
[EventDate "2008.06.30"]
[EventType "swiss"]
[EventRounds "9"]
[EventCountry "GER"]
[SourceTitle "EXT 2022"]
[Source "ChessBase"]
[SourceDate "2021.10.06"]
[SourceVersion "1"]
[SourceVersionDate "2021.10.06"]
[SourceQuality "1"]

1. d4 Nf6 2. Nc3 e6 3. e4 d5 4. f3 c5 5. Bg5 Nc6 6. e5 cxd4 7. Nb5 Nxe5 8. Qxd4 Nc6 9. Qd2 Be7 10. Bd3 a6 11. Nc3 0-0 12. a3 b5 13. Nge2 Qb6 14. Qf4 Bb7 15. Qh4 h6 16. Bxh6 gxh6 17. Qxh6 Ne5 18. Qg5+ Ng6 19. Qh6 Ne5 20. Qg5+ Ng6 21. Bxg6 fxg6 22. Qxg6+ Kh8 23. 0-0-0 Qe3+ 24. Kb1 Nh7 25. Rhe1 Rf6 26. Qg3 Qb6 27. Qh3 Bc5 28. g4 Raf8 29. f4 Kg7 30. g5 Rf5 31. Qh6+ Kg8 32. Ng3 Rxf4 33. Rxe6 Qc7 34. Nh5 Bxa3 35. Rg6+ Kh8 36. Rg7 R4f7 37. Qxh7# 1-0

[Event "Dortmund op-B"]
[Site "Dortmund"]
[Date "2007.06.30"]
[Round "8"]
[White "Ackerhans, Gerd"]
[Black "Holtel, Frederik"]
[Result "1-0"]
[WhiteElo "1435"]
[BlackElo "1117"]
[PlyCount "67"]
[EventDate "2007.06.22"]
[EventType "swiss"]
[EventRounds "9"]
[EventCountry "GER"]
[SourceTitle "EXT 2008"]
[Source "ChessBase"]
[SourceDate "2007.11.25"]
[SourceVersion "1"]
[SourceVersionDate "2007.11.25"]
[SourceQuality "1"]

1. c4 e5 2. Nc3 Nf6 3. d3 Bb4 4. Nf3 Nc6 5. Bd2 d6 6. a3 Bxc3 7. Bxc3 0-0 8. e4 g6 9. Be2 Ne8 10. b4 Ng7 11. b5 Ne7 12. Bd2 c6 13. Bh6 cxb5 14. cxb5 Qa5+ 15. Bd2 Qxb5 16. d4 Qb2 17. Bb4 Nc6 18. Rb1 Qa2 19. Bxd6 Rd8 20. Bxe5 Qxa3 21. 0-0 a5 22. Bxg7 Kxg7 23. Bc4 Ra7 24. Re1 Bg4 25. Re3 Qd6 26. d5 Bxf3 27. Rxf3 Nb4 28. Qd4+ f6 29. Qxa7 Qc7 30. Qd4 Rd6 31. e5 fxe5 32. Qxe5+ Kg8 33. Qe8+ Kg7 34. Qf8# 1-0

[Event "Dortmund op-B"]
[Site "Dortmund"]
[Date "2007.06.26"]
[Round "4"]
[White "Holtel, Frederik"]
[Black "Grawe, Herbert"]
[Result "0-1"]
[WhiteElo "1117"]
[BlackElo "1495"]
[PlyCount "54"]
[EventDate "2007.06.22"]
[EventType "swiss"]
[EventRounds "9"]
[EventCountry "GER"]
[SourceTitle "EXT 2008"]
[Source "ChessBase"]
[SourceDate "2007.11.25"]
[SourceVersion "1"]
[SourceVersionDate "2007.11.25"]
[SourceQuality "1"]

1. e4 Nc6 2. d4 e5 3. Nf3 f6 4. Nc3 exd4 5. Nxd4 Ne5 6. f4 Ng6 7. Bc4 c6 8. 0-0 N8e7 9. Qf3 b5 10. Bd3 d5 11. exd5 cxd5 12. Bxb5+ Kf7 13. Nc6 Nxc6 14. Nxd5 Nd4 15. Qd3 Bc5 16. Be3 Bf5 17. Qc3 Qxd5 18. Bxd4 Bxd4+ 19. Kh1 Bxc3 20. Rab1 Qxb5 21. bxc3 Rhd8 22. h3 Qe2 23. Rfe1 Qxc2 24. Rec1 Qxb1 25. Rxb1 Bxb1 26. Kg1 Nxf4 27. Kf2 Bxa2 0-1

[Event "Dortmund op-B"]
[Site "Dortmund"]
[Date "2007.06.24"]
[Round "3"]
[White "Heyder, Siegfried"]
[Black "Holtel, Frederik"]
[Result "0-1"]
[WhiteElo "1389"]
[BlackElo "1117"]
[PlyCount "72"]
[EventDate "2007.06.22"]
[EventType "swiss"]
[EventRounds "9"]
[EventCountry "GER"]
[SourceTitle "EXT 2008"]
[Source "ChessBase"]
[SourceDate "2007.11.25"]
[SourceVersion "1"]
[SourceVersionDate "2007.11.25"]
[SourceQuality "1"]

1. e4 e6 2. d4 d5 3. e5 c5 4. Nf3 Nc6 5. c3 Qb6 6. a3 a5 7. Qa4 Bd7 8. Bb5 Nxe5 9. Bxd7+ Nxd7 10. Ne5 Qc7 11. Be3 b6 12. Nd2 f6 13. Nd3 c4 14. Nf4 e5 15. Ne6 Qd6 16. Nxf8 Kxf8 17. 0-0-0 Ne7 18. Nf3 h6 19. dxe5 Nxe5 20. Nxe5 fxe5 21. Rhf1 g5 22. g3 Nf5 23. Qb5 d4 24. Qxc4 Ke7 25. g4 Ng7 26. Kb1 Qg6+ 27. Ka2 dxe3 28. Qc7+ Ke8 29. Rd7 Qe6+ 30. Ka1 Qxd7 31. Qxe5+ Qe7 32. Qb5+ Kd8 33. Rd1+ Kc7 34. fxe3 Rhd8 35. Qc4+ Kb7 36. Rf1 Rf8 0-1

[Event "Muensterland Verbandsklasse-B 0607"]
[Site "Germany"]
[Date "2007.02.17"]
[Round "6.8"]
[White "Nickel, Wolfgang"]
[Black "Holtel, Frederik"]
[Result "1-0"]
[WhiteElo "1664"]
[BlackElo "1025"]
[PlyCount "109"]
[EventDate "2006.09.23"]
[EventType "team"]
[EventRounds "9"]
[EventCountry "GER"]
[SourceTitle "EXT 2008"]
[Source "ChessBase"]
[SourceDate "2007.11.25"]
[SourceVersion "1"]
[SourceVersionDate "2007.11.25"]
[SourceQuality "1"]
[WhiteTeam "Ochtrup"]
[BlackTeam "Luedinghausen"]
[WhiteTeamCountry "GER"]
[BlackTeamCountry "GER"]

1. e4 e5 2. Nf3 Nc6 3. Bb5 Bc5 4. 0-0 d6 5. c3 Bd7 6. d4 Bb6 7. d5 Nce7 8. Be2 Nf6 9. Qc2 c6 10. c4 0-0 11. Bg5 Ng6 12. Nc3 h6 13. Bd2 Ba5 14. Rab1 Bxc3 15. bxc3 Qc7 16. Rb2 a6 17. Rfb1 Rab8 18. Be3 c5 19. Nd2 Bg4 20. f3 Bd7 21. Rb6 Nh5 22. g3 f5 23. Qb2 Bc8 24. exf5 Rxf5 25. Ne4 Rf7 26. Nxd6 Rf6 27. Nxc8 Qxc8 28. Rxb7 Rxb7 29. Qxb7 Qh3 30. Bf1 Qf5 31. Bg2 Rf7 32. Qb2 Qd3 33. Re1 Qf5 34. g4 Qf6 35. gxh5 Nh4 36. Rf1 g6 37. hxg6 Qxg6 38. Kh1 Rb7 39. Qf2 Nf5 40. Bh3 Nd6 41. Rg1 Kh7 42. Rxg6 Kxg6 43. Qg3+ Kh7 44. Qxe5 Rb1+ 45. Kg2 Nxc4 46. Qe4+ Kg7 47. Qxb1 Nxe3+ 48. Kh1 h5 49. Qg1+ Kh6 50. Qxe3+ Kg6 51. Qe6+ Kg5 52. Qe5+ Kg6 53. Bf5+ Kg5 54. Bh7+ Kh4 55. Qg3# 1-0